| 000 | 01083cab a22001935a 4500 | ||
|---|---|---|---|
| 001 | L138159 | ||
| 008 | 070521s2007 xxk f 000 0 eng d | ||
| 035 | _a(Sirsi) u138159 | ||
| 041 | 0 | _aeng | |
| 245 | 0 | 0 | _aExperience pays |
| 260 | _c2007 | ||
| 490 | 0 |
_aBuilding Services Journal _v29(5) May 2007, 63-68(6) |
|
| 520 | _aHay's latest building services salary guide reveals a disparity between changes in senior and junior salaries over the past 12 months. Whilst engineers in senior roles can earn up to £65 000, employees at junior levels have experienced very small increases, partly due to a buoyant and candidate led market. Provides salary tables for M&E quantity surveyors, mechanical engineers, electrical engineers, consulting engineers (CAD, other and senior), commissioning engineers, estimators, and contractors - management. The tables are broken down by UK region and level of job. | ||
| 590 | _aKA | ||
| 650 | 2 | 4 | _aHAYS BUILDING SERVICES SALARY GUIDE |
| 651 | 4 | _aUNITED KINGDOM | |
| 690 | _aCAREERS, EDUCATION AND TRAINING-SURVEYING APPOINTMENTS | ||
| 942 | _n0 | ||
| 999 |
_c78805 _d78805 |
||